Manufacturing culture <the> institutional geography of industrial practice
Salvato in:
| Autore principale: | |
|---|---|
| Natura: | Libro |
| Lingua: | inglese |
| Pubblicazione: |
New York
Oxford University Press
2004
|
| Serie: | Oxford Geographical and Environmental Studies
|
| Soggetti: | |
| Tags: |
Nessun Tag, puoi essere il primo ad aggiungerne!!
|
MARC
| LEADER | 00000nam$a2200000$$$4500 | ||
|---|---|---|---|
| 001 | 0028789 | ||
| 005 | 20240306135300.3 | ||
| 020 | |a 0-19-823382-5 | ||
| 041 | 0 | |a eng | |
| 044 | |a US | ||
| 245 | 1 | 0 | |a Manufacturing culture |b <the> institutional geography of industrial practice |c Meric S. Gertler |
| 264 | 1 | |a New York |b Oxford University Press |c 2004 | |
| 300 | |a 201 s. | ||
| 490 | 1 | |a Oxford Geographical and Environmental Studies | |
| 830 | 0 | |a Oxford Geographical and Environmental Studies | |
| 610 | 2 | 0 | |a výroba |
| 610 | 2 | 0 | |a kultúra |
| 610 | 2 | 0 | |a inštitúcie verejnoprávne |
| 610 | 2 | 0 | |a agentúry |
| 610 | 2 | 0 | |a priemysel |
| 610 | 2 | 0 | |a kapitál |
| 610 | 2 | 0 | |a technológia |
| 610 | 2 | 0 | |a politika hospodárska |
| 610 | 2 | 0 | |a organizácie |
| 610 | 2 | 0 | |a regióny |
| 610 | 2 | 0 | |a produkcia |
| 610 | 2 | 0 | |a priemysel strojársky |
| 610 | 2 | 0 | |a kríza |
| 610 | 2 | 0 | |a geografia |
| 610 | 2 | 0 | |a konvergencia |
| 100 | 1 | |a Gertler, Meric S. | |